Регионална библиотека "Любен Каравелов" - Русе

IELTS Testbuilder (Запис номер 104733)

MARC детайли
000 -Лидер
Контролно поле с фиксирана дължина 01153nam a2200349 c 4500
003 - Код на организацията, давaща контролен номер
Контролно поле BLK
005 - Дата и час на последна редакция
Контролно поле 20240219124930.0
008 - Елементи от данни с фиксирана дължина
fixed length control field 180409b bul|||||r ||||||| ||bul||
010 ## - Наследен системен номер
LC control number KNG00109845000
020 ## - Международен стандартен номер на книга ISBN
Международен стандартен номер на книга ISBN 1-405-01403-2
-- издат.: Macmillan
040 ## - Източник на каталожния запис
Идентификатор на билиотеката - собственик на записа BLK
041 ## - Код за език
Код за езика на текст/звукозапис или на отделно заглавие Английски
Код за езика КДБФ Английски
080 ## - УДК
Текстов определител УДК Английски език
УДК код - определител по УДК 811.111
УДК определител (079)
УДК - код + определител 811.111(079)
100 1# - Редна дума - Автор
Автор McCarter, Sam
Авторска отговорност първи автор
R(LIN) 18255
139 ## - Редно поле
Редна дума McCarter, Sam et al.
Авторски знак Maz - M 44
245 10 - Сведения за заглавието
Заглавие IELTS Testbuilder
Подзаглавни данни With Answer Key
Редно поле (дума) Sam McCarter; съавт. Judith Ash.
257 ## - Страна на издаване
Страна на създаване/издаване Великобритания
260 ## - Област на издателските данни
-- Oxford
Име на издателя, разпространителя и проч. Macmillan
Година на издаване 2003
Печатница Scotprint
300 ## - Физическа характеристика
Страници 176 p.
Размери/Мащаб 27 sm
Съпровождащи материали CD 1 - 2 със сигн. 619
380 ## - Жанр
Жанр Езикознание. Филология
650 #4 - Допълнително описание по предмет – тема
Основно описание – тема или топоним Английски език - тестове - IELTS
9 (RLIN) 277505
653 ## - Ключова дума – ненормативна
Ключова дума английски език
653 ## - Ключова дума – ненормативна
Ключова дума тестове
653 ## - Ключова дума – ненормативна
Ключова дума IELTS
700 1# - Други автори (авторска отговорност)
Лично име Ash, Judith
Автороска отговорност (Описва отношението между автора и произведението) съавт.
9 (RLIN) 310006
852 ## - Местоположение
Форматна сигнатура Цб ІІ 12491
856 4# - Електронен адрес и достъп
Електронен формат pdf - файл
Път до файла /url/
856 4# - Електронен адрес и достъп
Електронен формат pdf - файл
Път до файла /url/
942 ## - АРТИКУЛИ
Вид на библиотечния материал Книги
Скрит в OPAC Не
Koha issues (borrowed), all copies 10
944 ## - СЪЗДАВАНЕ И РЕДАКЦИЯ на ЗАПИСА
Създаване/Редакция Създаване
Дата на регистрацията/редакция 22.12.2003
Служител, извършил регистрацията/редакцията 30529
Статус, дата на статуса Диана Гривева
944 ## - СЪЗДАВАНЕ И РЕДАКЦИЯ на ЗАПИСА
Създаване/Редакция Редакция
Дата на регистрацията/редакция 24.01.2013
Служител, извършил регистрацията/редакцията
999 ## - СИСТЕМНИ КОНТРОЛНИ НОМЕРА
Koha biblionumber 104733
Koha biblioitemnumber 104733
Наличности
Код за отписване Код за изгубен артикул Код за повреда Коз за рестрикции Код за отдаване Артикулен № Име на библиотеката - собственик Име на библиотеката, в която се намира в момента Статус (Текущо местоположение) Дата на вписване в системата Местоположение - отдел Цена в лева Инвентарен номер Систематично азбучна сигнатура Баркод Номер на екземпляра Цена в евро Служебна бележка Служебен тип на артикула
  Не е изгубен Не е повреден без рестрикции заемане за дома 169316 Регионална библиотека "Любен Каравелов" Русе Регионална библиотека "Любен Каравелов" Русе ЧЧЗО - англ. ез. - Британски съвет 2003-12-22 ЧЧЗО - англ. ез. - Британски съвет 25.00 120000681286 Ч3 802.0/М 44 120000681286 1 12.78 Дост: Pk Вид: Ф N: 2965 Дата: 17.12.2003 Дата инв: 20.07.2015 Бележки инв: Ч32015 Книги
Vip Innovations Ltd, Rousse, Bulgaria 2025